000 00348nam a2200145Ia 4500
008 100122s9999 xx 000 0 und d
082 _b3584
_a823
100 _aGLYDER J
245 _aTHE COMPULSORY WIFE
260 _bHERBERT JENKINS
_c1941
300 _a312
630 _aTHE COMPULSORY WIFE
730 _aTHE COMPULSORY WIFE
942 _cBOOK
999 _c442959
_d442956